00000000nam##2200000za#4500
0019.546177
003CaOODSP
00520210615091435
007ta
008150406|2008||||xxc|||||     f|0| 0 fre|d
020 |a978-0-662-05867-0
040 |aCaOODSP|bfre
041 |aeng
041 |afre
043 |an-cn---
0861 |aHS23-1/1-2008
1101 |aCanada.|bRessources humaines et Développement social Canada. |bProgramme du travail.
24510|aSommaire
260 |aGatineau - Québec : |bRessources humaines et Développement social Canada. |cc2008.
300 |aTexte français, 6p. ; |c28 cm.
4901 |aRenseignements sur la santé et la sécurité au travail |v1
563 |aCouverture souple
590 |a08-38|b2008-09-19
69107|aSanté au travail|2gcpds
7760#|tSummary |w(CaOODSP)9.564289
7760#|tSommaire |w(CaOODSP)9.596065
791 |tSummary |eeng|w(CaOODSP)9.546176
830#0|aRenseignements sur la santé et la sécurité au travail ;|v1|w(CaOODSP)9.511053
986 |aLT-093-07-08